Kormidelník života /

Hlavní autor: Matysíková, Libuše, 1948-
Jazyk: Čeština
Vydáno: Tábor : Půlnoc, 2002
Témata:
Fyzický popis: 20 s. : il. ; 17 cm
Knihy
Uloženo v:
LEADER 00934nam a2200301 a 4500
001 000585948
003 CZ BrMZK
005 20091203122617.0
007 ta
008 020205s2002 xr g p cze d
015 |a cnb001088071 
020 |a 80-86338-06-1 
035 |a (OCoLC)51188420 
040 |a BOA001  |b cze 
072 7 |a 821.162.3-1  |x Česká poezie  |2 Konspekt  |9 25 
080 |a 821.162.3-1  |2 MRF 
080 |a 27  |2 MRF 
080 |a (0:82-1)  |2 MRF 
100 1 |a Matysíková, Libuše,  |d 1948-  |7 jo2003190765  |4 aut 
245 1 0 |a Kormidelník života /  |c Libuše Matysíková 
260 |a Tábor :  |b Půlnoc,  |c 2002 
300 |a 20 s. :  |b il. ;  |c 17 cm 
500 |a Název z obálky 
650 0 7 |a křesťanství  |7 ph115073  |2 czenas 
655 7 |a česká poezie  |7 fd133958  |2 czenas 
910 |a BOA001  |b 1-1098.810 
990 |a BK 
996 6 |b 2610154219  |c 1-1098.810  |l MZK  |r Sklad / do 1 hodiny  |n 0  |p p.v.  |w 000585948  |u 000010  |a 1  |e BOA001  |j MZK50  |s P